Equivalentes fraseológicos entre el español de Colombia y el idioma eslovaco

Guardado en:
Detalles Bibliográficos
Autor principal: Varela Cano, Diana Patricia, 1964-
Formato: Capítulo de libro
Lenguaje:español
Materias:
Etiquetas: Agregar Etiqueta
Sin Etiquetas, Sea el primero en etiquetar este registro!

MARC

LEADER 00000nla a2200000 4500
001 0241367
005 20240502073929.8
041 0 |a spa 
044 |a SK 
245 1 0 |a Equivalentes fraseológicos entre el español de Colombia y el idioma eslovaco  |c Diana Patricia Varela Cano 
610 2 0 |a jazyky cudzie 
610 2 0 |a španielčina 
610 2 0 |a jazykoveda 
610 2 0 |a frazeológia 
610 2 0 |a slovenčina 
100 1 |a Varela Cano, Diana Patricia, 1964-